| 000 | 01045nam a22002417a 4500 | ||
|---|---|---|---|
| 999 |
_c3266 _d3266 |
||
| 003 | AR-CdUCM | ||
| 008 | 190306b ||||| |||| 00| 0 spa d | ||
| 040 |
_aMUNICIPALIDAD PROVINCIAL DEL CUSCO _cBIBLIOTECA MUNICIPAL DEL CUSCO |
||
| 041 | _heng | ||
| 082 |
_a338.973 / _bC22 |
||
| 100 |
_aCalderwood, James D. _910886 |
||
| 245 |
_aDesarrollo económico : _bLa experiencia norteamericana / |
||
| 260 |
_aBuenos Aires : _bHOBBS, _c1964. |
||
| 300 |
_a155 páginas ; _bilustraciones, gráficos, _c19 cm. |
||
| 505 | _aContenido: Las lecciones de la Historia -- Una ojeada a la economía Norteamericana -- El papel de los individuos y la empresa privada -- El papel del Gobierno en la economía Norteamericana -- La realización de los objetivos económicos y sociales ... | ||
| 650 |
_aCooperativas _94787 |
||
| 650 |
_aEconomía _9382 |
||
| 650 |
_aTrabajadores Norteamericanos _910887 |
||
| 700 |
_aBienvenu, Harold J. (coautor) _910888 |
||
| 700 |
_aCórdoba Palacios, Ernesto (traducción) _910889 |
||
| 942 |
_2ddc _cLIBROS |
||
| 945 | _aachl | ||